000 00352nam a2200157Ia 4500
100 _aBach/Maurice J
650 _aunix
942 _cBK
366 _f20
654 _aunix
245 _aDesign of the unix operating systems
260 _bPrentice Hall of India
_aNew Delhi
_c2008
082 _a005.42/BAC
_bBAC
300 _a471
546 _aENGLISH
999 _c33350
_d33350